000 00548nam a22002417a 4500
003 UA-OsUOA
001 31327
007 ta
008 20041210b un ||||| |||| 00| 0 ukr d
100 _aГольбах П.
090 _a26
_bГ63
942 _cBK
040 _aUA-OsUOA
_brus
_cUA-OsUOA
_dUA-OsUOA
245 _aГалерея святых
300 _a335 с.
955 _a0
041 _arus
080 _a26
260 _aКиев
_bПолитиздат Украины
_c1987
044 _aUA
650 7 _2UDC
999 _c317750
_d317750